000 00723nam a2200229 i 4500
001 72913
003 ES-MaACL
005 20250814015821.0
007 t|
008 040903s1943 sp ||||1| spa d
080 _a58
100 1 _aGola, Guiseppe.
_957632
245 1 0 _aTratado de botánica /
_cpor Guiseppe Gola, Giovanni Negri, Carlo Cappelletti ; traducción italiana por P. Font Quer.
260 _aBarcelona :
_bLabor,
_c1943.
300 _aXXIX, 1030 p. :
_b1 mapa, il. ;
_c25 cm.
650 7 _aBotánica
_2embne
_910610
700 1 _aNegri, Giovanni.
_985302
700 1 _aCappelletti, Carlo.
_934894
700 1 _aFont Quer, P (
_d1888-1964)
_951574
852 4 _aES-MaACL
_jD-6819
999 _c72913
_d72913